| 000 | 00347nam a22001337a 4500 | ||
|---|---|---|---|
| 008 | 140124b xxu||||| |||| 00| 0 eng d | ||
| 050 | _aSPC HQ1799.Z32D34 | ||
| 100 |
_aDahlschen, Edith _97065 |
||
| 245 | _aWomen in Zambia | ||
| 260 |
_aLusaka _bNECZAM _c1970 |
||
| 300 |
_a79p. _c18cm |
||
| 650 |
_aWomen - Zambia _97066 |
||
| 942 |
_2lcc _cREFERENCE |
||
| 999 |
_c119691 _d119691 |
||